| 000 | 01285nam a2200313 a 4500 | ||
|---|---|---|---|
| 001 | ebr10576341 | ||
| 003 | CaPaEBR | ||
| 006 | m u | ||
| 007 | cr cn||||||||| | ||
| 008 | 120712s2012 dcua sb 001 0 eng d | ||
| 020 | _z9780821384916 | ||
| 020 | _z9780821395462 (e-book) | ||
| 040 |
_aCaPaEBR _cCaPaEBR |
||
| 035 | _a(OCoLC)802049013 | ||
| 050 | 1 | 4 |
_aHF1414.4 _b.L43 2012eb |
| 100 | 1 |
_aLederman, Daniel, _d1968- |
|
| 245 | 1 | 0 |
_aDoes what you export matter? _h[electronic resource] : _bin search of empirical guidance for industrial policies / _cDaniel Lederman, William F. Maloney. |
| 260 |
_aWashington, D.C. : _bWorld Bank, _c2012. |
||
| 300 |
_axi, 130 p. : _bill. |
||
| 504 | _aIncludes bibliographical references and index. | ||
| 505 | 0 | _apt. 1. What makes a good good? -- pt. 2. Beyond goods. | |
| 533 |
_aElectronic reproduction. _bPalo Alto, Calif. : _cebrary, _d2011. _nAvailable via World Wide Web. _nAccess may be limited to ebrary affiliated libraries. |
||
| 650 | 0 | _aExports. | |
| 650 | 0 | _aSuccess in business. | |
| 655 | 7 |
_aElectronic books. _2local |
|
| 700 | 1 | _aMaloney, William F. | |
| 710 | 2 | _aebrary, Inc. | |
| 856 | 4 | 0 |
_uhttp://site.ebrary.com/lib/rucke/Doc?id=10576341 _zAn electronic book accessible through the World Wide Web; click to view |
| 999 |
_c87954 _d87954 |
||